Normal view
MARC view
- Nayak, Prashanto Kumar.
Entry Personal Name
001 - CONTROL NUMBER
- control field: 11230
003 - CONTROL NUMBER IDENTIFIER
- control field: NUST
005 - DATE AND TIME OF LATEST TRANSACTION
- control field: 20180625120504.0
008 - FIXED-LENGTH DATA ELEMENTS
- fixed length control field: 180625|| aca||aabn | a|a d
040 ## - CATALOGING SOURCE
- Original cataloging agency: NUST
- Transcribing agency: NUST
100 ## - HEADING--PERSONAL NAME
- Personal name: Nayak, Prashanto Kumar.
670 ## - SOURCE DATA FOUND
- Source citation: Work cat.: (NUST)48238: Corbett, Jim, 1875-1955. 11226, The second Oxford India illustrated Corbett /, 2006.
